000 00290nam a22001217a 4500
003 SGT
082 _a616.833
_bP02F
100 _aFECTOR, STEWART
245 _aPARKINSON'S DECEASES DIAGNOSIS AND CLINICAL MANAGEMENT
260 _aNEW YORK
_bDEMOS
_c2002
300 _a685
942 _2ddc
_cBK
999 _c14819
_d14819